[Event "Galicia-ch U14"]
[Site "Padron"]
[Date "2022.03.01"]
[Round "8"]
[White "Lopez Diaz, Pablo"]
[Black "Varela Palacios, Pedro"]
[Result "1/2-1/2"]
[WhiteElo "1425"]
[BlackElo "1250"]
[PlyCount "57"]
[EventDate "2022.02.26"]
[EventType "swiss"]
[EventRounds "8"]
[EventCountry "ESP"]
[SourceTitle "EXT 2023"]
[Source "ChessBase"]
[SourceDate "2022.10.05"]
[SourceVersion "1"]
[SourceVersionDate "2022.10.05"]
[SourceQuality "1"]

1. e4 e6 2. d4 d5 3. e5 c5 4. c3 Qb6 5. Nf3 Nc6 6. Bd3 cxd4 7. 0-0 Bd7 8. Re1 a6 9. Nbd2 Nge7 10. Nb3 Ng6 11. Qe2 Be7 12. Nbxd4 Nxd4 13. Nxd4 Bc5 14. Nb3 Rc8 15. Nxc5 Qxc5 16. Qg4 Bb5 17. Bc2 d4 18. Bxg6 hxg6 19. cxd4 Qb4 20. Bg5 Rc2 21. Rac1 Qxb2 22. d5 Rxc1 23. Rxc1 Qxe5 24. Bf4 Qf6 25. Rc8+ Kd7 26. Rc7+ Ke8 27. Rc8+ Kd7 28. Rc7+ Ke8 29. g3 1/2-1/2